Statistiken für Größte Städte der EU

Klicken Sie hier um das Quiz zu spielen!

Allgemein

  • Dieses Quiz wurde 459 mal gespielt
  • Das Durchschnittsergebnis liegt bei 44 aus 53

Antwortstatistiken

LandStadtEinwohnerzahl% Korrekt
DeutschlandBerlin3.663.540
100%
SpanienMadrid3.266.126
99%
DeutschlandMünchen1.487.146
99%
FrankreichParis2.148.271
99%
ItalienRom2.844.750
99%
ÖsterreichWien1.915.047
99%
NiederlandeAmsterdam870.373
98%
DeutschlandHamburg1.844.703
98%
TschechienPrag1.324.277
98%
PolenWarschau1.783.321
98%
SpanienBarcelona1.636.762
97%
DeutschlandKöln1.086.957
97%
SchwedenStockholm974.073
97%
UngarnBudapest1.752.286
95%
KroatienZagreb806.341
95%
RumänienBukarest1.828.018
94%
DeutschlandFrankfurt am Main764.152
94%
ItalienMailand1.389.834
94%
BulgarienSofia1.242.568
94%
GriechenlandAthen664.046
92%
FinnlandHelsinki653.835
92%
NiederlandeRotterdam650.866
91%
DeutschlandStuttgart636.028
91%
DänemarkKopenhagen632.340
90%
FrankreichMarseille863.310
90%
ItalienNeapel954.743
90%
LettlandRiga627.487
90%
DeutschlandDüsseldorf620.733
89%
DeutschlandDortmund587.354
87%
IrlandDublin553.165
87%
PortugalLissabon509.515
87%
DeutschlandLeipzig592.977
86%
ItalienTurin875.088
85%
DeutschlandDresden555.557
83%
SpanienValencia794.288
82%
DeutschlandBremen567.395
80%
DeutschlandHannover535.485
80%
SpanienSevilla688.592
80%
DeutschlandEssen582.976
78%
PolenKrakau774.839
78%
FrankreichLyon516.092
78%
LitauenVilnius551.020
78%
DeutschlandNürnberg518.486
76%
NiederlandeDen Haag545.845
72%
ItalienPalermo658.403
67%
BelgienAntwerpen525.935
66%
SchwedenGöteborg579.281
66%
ItalienGenua575.490
56%
SpanienMalaga574.654
53%
PolenLodz682.679
52%
PolenPosen535.802
46%
PolenWroclaw641.607
27%
SpanienZaragoza674.997
21%

Verteilung der Resultate

Perzentil nach korrekt beantworteten Fragen

Anzahl Personen mit jedem Resultat

Ihre Resultats-Entwicklung

Sie haben dieses Quiz noch nicht gespielt